00373pam a2200145a 44500008004100000020002400041082001500065100001800080245004400098260003200142300001000174502000900184700001700193700001700210230405s2005 xxu||||| |||| 00| 0 eng d a8180614948cRs. 275 a618.1bBAS aBasu, Partha  aPractical Approach Gynaecology Oncology aNew DelhibJaypee Pubc2005 a237 p atext aPandey, Alka aSingh, Anita